<?xml version='1.0' encoding='UTF-8'?><?xml-stylesheet href='static/style.xsl' type='text/xsl'?><OAI-PMH xmlns="http://www.openarchives.org/OAI/2.0/" xmlns:xsi="http://www.w3.org/2001/XMLSchema-instance" xsi:schemaLocation="http://www.openarchives.org/OAI/2.0/ http://www.openarchives.org/OAI/2.0/OAI-PMH.xsd"><responseDate>2026-05-01T04:39:55Z</responseDate><request verb="GetRecord" identifier="oai:ebiltegia.mondragon.edu:20.500.11984/4852" metadataPrefix="marc">https://ebiltegia.mondragon.edu/oai/request</request><GetRecord><record><header><identifier>oai:ebiltegia.mondragon.edu:20.500.11984/4852</identifier><datestamp>2024-01-04T21:57:02Z</datestamp><setSpec>com_20.500.11984_1736</setSpec><setSpec>com_20.500.11984_1627</setSpec><setSpec>col_20.500.11984_1972</setSpec></header><metadata><record xmlns="http://www.loc.gov/MARC21/slim" xmlns:dcterms="http://purl.org/dc/terms/" xmlns:xsi="http://www.w3.org/2001/XMLSchema-instance" xmlns:doc="http://www.lyncode.com/xoai" xsi:schemaLocation="http://www.loc.gov/MARC21/slim http://www.loc.gov/standards/marcxml/schema/MARC21slim.xsd">
   <leader>00925njm 22002777a 4500</leader>
   <datafield ind2=" " ind1=" " tag="042">
      <subfield code="a">dc</subfield>
   </datafield>
   <datafield ind2=" " ind1=" " tag="720">
      <subfield code="a">Mondragon Unibertsitatea</subfield>
      <subfield code="e">author</subfield>
   </datafield>
   <datafield ind2=" " ind1=" " tag="260">
      <subfield code="c">2016-12-12</subfield>
   </datafield>
   <datafield ind2=" " ind1=" " tag="520">
      <subfield code="a">Ainara Menoyo eta Elena Canas MONDRAGON UNIBERTSITATEko Ikus-entzunezko Komunikazioa graduko ikasle ohiek irabazi dute, "Maitia nun zira?" dokumentalarekin, Eusko Ikaskuntza-Baionako Herriko Etxearen bideo-dokumental saria. Ikasle ohiek iazko ikasturetean egin zuten dokumental hori euren Gradu Bukaera Lan (GBL) moduan.</subfield>
   </datafield>
   <datafield ind2=" " ind1=" " tag="520">
      <subfield code="a">El documental "Maitia nun zira?" de las exalumnas de MONDRAGON UNIBERTSITATEA Ainara Menoyo y Elena Canas ha resultado ganador del premio concedido por Eusko Ikaskuntza-Baionako Herriko Etxea. El documental fue realizado el pasado curso académico como Trabajo de Fin de Grado por las dos exalumnas del Grado de Comunicación Audiovisual.</subfield>
   </datafield>
   <datafield ind1="8" ind2=" " tag="024">
      <subfield code="a">https://hdl.handle.net/20.500.11984/4852</subfield>
   </datafield>
   <datafield tag="653" ind2=" " ind1=" ">
      <subfield code="a">Humanitate eta Hezkuntza Zientzien Fakultatea</subfield>
   </datafield>
   <datafield ind2="0" ind1="0" tag="245">
      <subfield code="a">Ainara Menoyo eta Elena Canas ikasle ohien "Maitia nun zira?" lanak irabazi du Eusko Ikaskuntza-Baionako Herriko Etxearen bideo-dokumental saria</subfield>
   </datafield>
   <datafield ind2="0" ind1="0" tag="245">
      <subfield code="a">Ainara Menoyo y Elena Canas, exalumnas del grado de Comunicación Audiovisual, ganan con el documental "Maitia nun zira?" el premio Eusko Ikaskuntza-Baionako Herriko Etxea</subfield>
   </datafield>
</record></metadata></record></GetRecord></OAI-PMH>